000 00498cam a2200169 4500500
005 20260405002018.0
041 _afre
042 _adc
100 1 0 _aPersonne, Thomas
_eauthor
245 0 0 _aLa Force majeure
260 _c2015.
500 _a57
690 _aClément Rosset
690 _aJoie
786 0 _nPhilosophie magazine | 91 | 8 | 2015-07-01 | p. 49-49 | 1951-1787
856 4 1 _uhttps://shs.cairn.info/magazine-philosophie-magazine-2015-8-page-49?lang=fr&redirect-ssocas=7080
999 _c2053310
_d2053310